Zrušenie spoločnosti s likvidáciou z právneho, účtovného a daňového hľadiska (aplikácia na konkrétnu spoločnosť s ručením obmedzeným) diplomová práca

Enregistré dans:
Détails bibliographiques
Auteur principal: Érsek, Dávid
Collectivité auteur: Fakulta hospodárskej informatiky EU. Katedra účtovníctva a audítorstva
Autres auteurs: Ondrušová, Lucia, 1981-
Format: Livre
Langue:slovaque
Publié: Bratislava 2016
Tags: Ajouter un tag
Pas de tags, Soyez le premier à ajouter un tag!

MARC

LEADER 00000nbm a2200000 4500
001 0216867
005 20240905084551.2
041 0 |a slo 
044 |a SK 
245 1 0 |a Zrušenie spoločnosti s likvidáciou z právneho, účtovného a daňového hľadiska (aplikácia na konkrétnu spoločnosť s ručením obmedzeným)  |b diplomová práca  |c Dávid Érsek ; školiteľ: Lucia Ondrušová 
264 1 |a Bratislava  |c 2016 
300 |a 87 s. 
100 1 |a Érsek, Dávid 
700 1 |a Ondrušová, Lucia, 1981- 
710 2 |a Fakulta hospodárskej informatiky EU. Katedra účtovníctva a audítorstva